<?xml version="1.0" encoding="UTF-8"?>
<collection xmlns="http://www.loc.gov/MARC21/slim">
    <record>
        <controlfield tag="001">4384</controlfield>
        <controlfield tag="005">20190214135732.0</controlfield>
        <datafield tag="017" ind1=" " ind2=" ">
            <subfield code="a">Z-4122/2008</subfield>
        </datafield>
        <datafield tag="020" ind1=" " ind2=" ">
            <subfield code="a">978-84-95736-08-6</subfield>
        </datafield>
        <datafield tag="037" ind1=" " ind2=" ">
            <subfield code="a">BOOK--2009-012</subfield>
        </datafield>
        <datafield tag="041" ind1=" " ind2=" ">
            <subfield code="a">spa</subfield>
        </datafield>
        <datafield tag="100" ind1=" " ind2=" ">
            <subfield code="a">Cantín Luna, Inmaculada</subfield>
            <subfield code="b">icantin@unizar.es</subfield>
        </datafield>
        <datafield tag="245" ind1=" " ind2=" ">
            <subfield code="a">Del acadio al zulú: una colección especial en la Biblioteca María Moliner de la Universidad de Zaragoza</subfield>
        </datafield>
        <datafield tag="250" ind1=" " ind2=" ">
            <subfield code="a">1ª ed.</subfield>
        </datafield>
        <datafield tag="260" ind1=" " ind2=" ">
            <subfield code="a">Zaragoza</subfield>
            <subfield code="b">Instituto de Estudios Islámicos y del Oriente Próximo</subfield>
            <subfield code="c">2008</subfield>
        </datafield>
        <datafield tag="300" ind1=" " ind2=" ">
            <subfield code="a">181 pág.</subfield>
        </datafield>
        <datafield tag="520" ind1=" " ind2=" ">
            <subfield code="a">La obra es un catálogo de libros sobre más de 150 lenguas, que integran la colección llamada "biblioteca del espía", que perteneció a Faustino Antonio Camazón Valentín, espía y criptógrafo, y que fué adquirida por la Universidad de Zaragoza, en 1984 para la Biblioteca María Moliner de la Facultad de Filosofía y Letras.</subfield>
        </datafield>
        <datafield tag="540" ind1=" " ind2=" ">
            <subfield code="9">info:eu-repo/semantics/openAccess $a Esta obra está sujeta a una licencia de uso Creative Commons. Se permite la reproducción total o parcial, la distribución, la comunicación pública de la obra y la creación de obras derivadas, siempre que no sea con finalidades comerciales, y sempre que se reconzca la autoria de la obra original. $u https://creativecommons.org/licenses/by-nc/4.0/</subfield>
        </datafield>
        <datafield tag="653" ind1="1" ind2=" ">
            <subfield code="a">lenguas</subfield>
        </datafield>
        <datafield tag="653" ind1="1" ind2=" ">
            <subfield code="a">bibliografías</subfield>
        </datafield>
        <datafield tag="653" ind1="1" ind2=" ">
            <subfield code="a">Biblioteca María Moliner</subfield>
        </datafield>
        <datafield tag="653" ind1="1" ind2=" ">
            <subfield code="a">Universidad de Zaragoza</subfield>
        </datafield>
        <datafield tag="655" ind1=" " ind2="4">
            <subfield code="a">info:eu-repo/semantics/publishedVersion</subfield>
        </datafield>
        <datafield tag="655" ind1=" " ind2="4">
            <subfield code="a">info:eu-repo/semantics/book</subfield>
        </datafield>
        <datafield tag="700" ind1=" " ind2=" ">
            <subfield code="a">Cantín Luna, Matilde</subfield>
            <subfield code="b">mcantin@unizar.es</subfield>
        </datafield>
        <datafield tag="700" ind1=" " ind2=" ">
            <subfield code="a">Orera Orera, Luisa</subfield>
            <subfield code="b">mlorera@unizar.es</subfield>
        </datafield>
        <datafield tag="856" ind1="0" ind2=" ">
            <subfield code="f">icantin@unizar.es</subfield>
        </datafield>
        <datafield tag="856" ind1="4" ind2=" ">
            <subfield code="s">20695424</subfield>
            <subfield code="u">http://zaguan.unizar.es/record/4384/files/acadio.pdf</subfield>
            <subfield code="z">Texto completo</subfield>
        </datafield>
        <datafield tag="909" ind1="C" ind2="O">
            <subfield code="o">oai:zaguan.unizar.es:4384</subfield>
            <subfield code="p">books</subfield>
        </datafield>
        <datafield tag="910" ind1="2" ind2=" ">
            <subfield code="a"></subfield>
            <subfield code="b">Ciencias de la Documentación e Historia de la Ciencia</subfield>
        </datafield>
        <datafield tag="980" ind1=" " ind2=" ">
            <subfield code="a">BOOK</subfield>
            <subfield code="b">DIVULGA</subfield>
            <subfield code="b"></subfield>
        </datafield>
    </record>

    
</collection>